UBT Library

Fashions for the new world order : (Record no. 38919)

000 -LEADER
fixed length control field 00734cam a2200229 a 4500
001 - CONTROL NUMBER
control field 1073531
005 - DATE AND TIME OF LATEST TRANSACTION
control field 20171214043915.0
008 - FIXED-LENGTH DATA ELEMENTS--GENERAL INFORMATION
fixed length control field 910606s1991 moua 000 0 eng
010 ## - LIBRARY OF CONGRESS CONTROL NUMBER
LC control number 91073165
020 ## - INTERNATIONAL STANDARD BOOK NUMBER
International Standard Book Number 0836218795 :
Terms of availability $9.95 ($13.95 Can.)
040 ## - CATALOGING SOURCE
Original cataloging agency DLC
Transcribing agency DLC
Modifying agency DLC
041 ## - LANGUAGE CODE
Language code of text/sound track or separate title eng
043 ## - GEOGRAPHIC AREA CODE
Geographic area code n-us---
080 ## - UNIVERSAL DECIMAL CLASSIFICATION NUMBER
Universal Decimal Classification number 32 AND
082 ## - DEWEY DECIMAL CLASSIFICATION NUMBER
Classification number 32 AND
100 1# - Rafti
Rafti 19
101 ## - Shkurtesa
Shkurtesa POL
245 10 - TITLE STATEMENT
Title Fashions for the new world order :
Statement of responsibility, etc by Pat Oliphant.
906 ## - LOCAL DATA ELEMENT F, LDF (RLIN)
a 7
b cbc
c orignew
d 2
e opcn
f 19
g y-gencatlg
942 ## - ADDED ENTRY ELEMENTS (KOHA)
Source of classification or shelving scheme
Item type Books
Holdings
Withdrawn status Lost status Source of classification or shelving scheme Damaged status Not for loan Permanent location Current location Date acquired Total Checkouts Full call number Barcode Date last seen Price effective from Koha item type
          UBT - Lipjan UBT - Lipjan 12/14/2017   32 AND 002-2939053 12/14/2017 12/14/2017 Books
UBT Library © 2015-2024. All rights reserved University Education for Business and Technology